Database Concept (Record no. 5306)
[ view plain ]
| 000 -LEADER | |
|---|---|
| fixed length control field | 00352nam a2200157Ia 4500 |
| 003 - CONTROL NUMBER IDENTIFIER | |
| control field | OSt |
| 005 - DATE AND TIME OF LATEST TRANSACTION | |
| control field | 20240227124202.0 |
| 008 - FIXED-LENGTH DATA ELEMENTS--GENERAL INFORMATION | |
| fixed length control field | 170524s9999 xx 000 0 und d |
| 020 ## - INTERNATIONAL STANDARD BOOK NUMBER | |
| International Standard Book Number | 9789390727506 |
| 040 ## - CATALOGING SOURCE | |
| Transcribing agency | IIMT UNIVERSITY MEERUT |
| 100 ## - MAIN ENTRY--PERSONAL NAME | |
| Personal name | Korth/Silberschdt |
| 245 #0 - TITLE STATEMENT | |
| Title | Database Concept |
| 260 ## - PUBLICATION, DISTRIBUTION, ETC. | |
| Name of publisher, distributor, etc. | MGH |
| 260 ## - PUBLICATION, DISTRIBUTION, ETC. | |
| Date of publication, distribution, etc. | 2006 |
| 942 ## - ADDED ENTRY ELEMENTS (KOHA) | |
| Source of classification or shelving scheme | |
| Koha item type | Book Bank |
| Withdrawn status | Lost status | Source of classification or shelving scheme | Damaged status | Not for loan | Home library | Current library | Date acquired | Total Checkouts | Barcode | Date last seen | Date last checked out | Uniform Resource Identifier | Price effective from | Koha item type |
|---|---|---|---|---|---|---|---|---|---|---|---|---|---|---|
| IIMT University Central Library Meerut | IIMT University Central Library Meerut | 05/31/2017 | 3 | 01-B-43943 | 01/22/2026 | 10/13/2025 | COMPUTER SCIENCE | 05/31/2017 | Book Bank | |||||
| IIMT University Central Library Meerut | IIMT University Central Library Meerut | 05/31/2017 | 2 | 01-B-43944 | 04/26/2022 | 11/25/2021 | COMPUTER SCIENCE | 05/31/2017 | Book Bank | |||||
| IIMT University Central Library Meerut | IIMT University Central Library Meerut | 05/31/2017 | 1 | 01-B-43945 | 07/01/2025 | 02/21/2025 | COMPUTER SCIENCE | 05/31/2017 | Book Bank | |||||
| IIMT University Central Library Meerut | IIMT University Central Library Meerut | 05/31/2017 | 2 | 01-B-43946 | 04/26/2022 | 11/25/2021 | COMPUTER SCIENCE | 05/31/2017 | Book Bank | |||||
| IIMT University Central Library Meerut | IIMT University Central Library Meerut | 05/31/2017 | 2 | 01-B-43947 | 01/10/2020 | 09/02/2019 | COMPUTER SCIENCE | 05/31/2017 | Book Bank | |||||
| IIMT University Central Library Meerut | IIMT University Central Library Meerut | 05/31/2017 | 01-B-43948 | 05/31/2017 | COMPUTER SCIENCE | 05/31/2017 | Book Bank | |||||||
| IIMT University Central Library Meerut | IIMT University Central Library Meerut | 05/31/2017 | 01-B-43949 | 05/31/2017 | COMPUTER SCIENCE | 05/31/2017 | Book Bank | |||||||
| IIMT University Central Library Meerut | IIMT University Central Library Meerut | 05/31/2017 | 1 | 01-B-43950 | 11/06/2019 | 11/06/2019 | COMPUTER SCIENCE | 05/31/2017 | Book Bank | |||||
| IIMT University Central Library Meerut | IIMT University Central Library Meerut | 05/31/2017 | 01-B-43951 | 05/31/2017 | COMPUTER SCIENCE | 05/31/2017 | Book Bank | |||||||
| IIMT University Central Library Meerut | IIMT University Central Library Meerut | 05/31/2017 | 2 | 01-B-43952 | 01/15/2020 | 09/02/2019 | COMPUTER SCIENCE | 05/31/2017 | Book Bank |

